000 02294nam a2200349 a 4500
001 000012336
003 DO-SdBPM
005 20250731125418.0
007 ta
008 091111t2019 dr a r 000 0 spa d
020 _a9789945906776
040 _aDO-SdBPM
_bspa
_cBPMSU
_drda
082 4 _a970.015
_bP936g 2019
_222
100 1 _aPresinary Lebrón, C. H.,
_d1953-
_eautor
245 1 0 _aGuardianes de la fe /
_cC. H. Presinary Lebrón.
264 _aSanto Domingo :
_bOceano Azul,
_c2019.
300 _a150 páginas :
_bilustraciones, fotos, planos, mapas ;
_c25 cm.
336 _atexto
_btxt
_2rdacontent
337 _asin mediación
_bn
_2rdamedia
338 _avolumen
_bnc
_2rdacarrier
500 _aIncluye datos biográficos del autor en las solapas
500 _a
500 _aIncluye referencias bibliográficas y notas al pie de las páginas
504 _aBibliografía : páginas 147-151
505 0 _aAbdera castellana y cristiana -Adra hoy: el cerro de Montecristo y tesoros arqueológicos. GENESIS DE UNA EMPRESA CONQUISTADORA: --Pablo en la Hispania romana y precursor de los Siete Varones --San pablo y los Siete Varones --Los Siete Varones y la tradición jacobea --Misión evangelizadora de los Siete Varones. Desembarco en Adra. Documentos que recogen la tradición de los siete varones. ES O NO UN NUEVO MUNDO?: --Los mapas de Piri Reis. COLON Y LOS TEMPLARIOS: --Quién realmente era Colón? --Templarios: caballeros cruzados con una agenda secreta? --Surgimiento de los templarios --Templarios: guardianes de puertas, constructores de catedrales, marineros y alquimistas --Colón, un templario en Portugal --El papa Inocencio --Una estructura --Una corona a la cual acogerse --El apoyo financiero: judío? --Apoyo logístico: los hermanos Pinzón --Colón en Montecristi, la Andalucía dominicana --España y Portugal se reparten el mundo --la banca, genoveses y otra vez judíos. CRONOLOGÍA DE LAS CRUZADAS EN EL ORIENTE. LOS ARABES ANTES DE LAS CRUZADAS: --Primera, segunda, tercera, cuarta, quinta sexta, séptima y octava cruzadas
590 _aInventariado, 2025/VM
650 7 _a Cruzadas
650 7 _aHistoria medieval
651 7 _aAmérica
_xDescubrimiento y exploraciones
910 _aVMateo V. Control de caldiad BPMSU
942 _2ddc
_cBK
999 _c15301
_d15301